| 000 | 00754nam a2200241 u 4500 | ||
|---|---|---|---|
| 005 | 20240831063735.0 | ||
| 008 | 100521s1997 es r 000 0 spa d | ||
| 020 | _a8420784583 | ||
| 035 | _aUPN01000176029 | ||
| 049 | _aI | ||
| 050 | 4 |
_aPZ78 _bC3.38 |
|
| 100 | 1 |
_aCano Peiró, Carles, _d1957- _931900 |
|
| 245 | 1 | 0 |
_aCuentos para todo el año / _cCarles Cano ; il. Federico Delicado. |
| 260 |
_aMadrid : _bAnaya, _c1997. |
||
| 300 |
_a116 p. : _bil. col. |
||
| 440 | 0 |
_aSopa de libros ; _v18. _pA partir de 8 años |
|
| 534 |
_pTraducción de: _tContes per a tot l'any |
||
| 650 | 4 |
_aCuentos infantiles españoles _97725 |
|
| 650 | 4 |
_aNarración de cuentos _94988 |
|
| 700 | 1 |
_aDelicado, Federico, _eil. |
|
| 905 | _aInfantil | ||
| 999 |
_c148132 _d148132 |
||